00653nam a22002057a 450000500170000001000150001702000260003203500130005803700130007108200120008410000160009624500560011225000060016826000390017427000410021330000250025494200260027999900170030595201250032220140415122743.0 aENG-109282 a9789380224053c950.00 aEN-92815 bDBAD/PUB a020.285 aLata Suresh aHandbook of library professionals /cby Lata Suresh a  aJaipurbShruti Publications c2013 a50-Ka-6, Jyoti NagarbJaipure302005 axiv,330p. c22cm(Hb) 2ddccENmLATe020.285 c82441d82441 001040718NFICaDBADbDBADd2014-02-12eDBAD/PUBg950.00l0o020.285 LATpEN-92815r2014-02-12 00:00:00t1v950.00yEN